000 00411 a2200145 4500
999 _c3518
_d3518
020 _a9788184551266
050 _aPN 4784 DAS 2009
100 _aDas, Ajay
_eauthor
245 _aMass media & journalism :
_cAjay Das
264 _aNew Delhi :
_bOmega Publications,
_c2009
300 _a272 p . :
500 _aincludes bibliographical references.
650 _aMass media.
942 _2lcc
_cBK
_hPN
_i4784
_kDAS